01683nam a22003017a 45000010005000000030006000050050017000110080041000280200018000690400029000870500013001160820011001291000023001402450048001632500027002112600035002383000038002735050007003115200771003185210019010895210018011086500033011266500030011597000035011899420015012249990015012399520127012544525FISKH20240913102541.0240913b cb ||||| |||| 00| 0 eng d a9780545221580 aFISKHbengcFISKHdFISKH aPZ7.T977 2813.54 aTyree, Omard1969- a12 Brown boys /cBy Mr. Creative Omar Tyree aFirst printing in 2009 aNew York :bScholastic,c2009. a188 pages :billustration ;c20cm aR  a"12 Brown Boys by Omar Tyree is a collection of short stories that focuses on the lives of Black pre-teen boys. Readers will connect with Tyree's engaging characters including: Red Head Mike who hates his nickname, but hates his red hair even more. Chestnut, who is sent to live with relatives down south to keep him out of trouble in his Brooklyn neighborhood. William the Santa Monica super kid whose status as a scholar and entrepreneur has even his best friends hating him. Wayne, who resents his role as the oldest child until a tragedy strikes the family. Tyree has assembled a wide range of characters that reflect the diversity of experiences of Black boys - characters that are funny, serious, edgy, street-wise, studious, and all unforgettable. " -- cover.8 a760L bLexile 8 aR bRaz-Plus  2Short storiesaMiddle school 2African AmericanaFantasy aJ.Hudson, Stephandillustrator 2ddccBKn0 c4525d4525 00102ddc40708FICa001b001cTTPd2024-09-13l0oTYR 813.54 PZ7.T977p2024-1950r2024-09-13 10:25:37t1w2024-09-13yBK